Kannaḍakke Śrī Purandaradāsaru nīḍida koḍuge. (Record no. 66304)

MARC details
000 -LEADER
fixed length control field 00572cam a22002171 4500
001 - CONTROL NUMBER
control field sa 65009613
003 - CONTROL NUMBER IDENTIFIER
control field DLC
005 - DATE AND TIME OF LATEST TRANSACTION
control field 20260227112203.0
008 - FIXED-LENGTH DATA ELEMENTS--GENERAL INFORMATION
fixed length control field 890615s1964 ii a 000 0 kano
010 ## - LIBRARY OF CONGRESS CONTROL NUMBER
LC control number sa 65009613
035 ## - SYSTEM CONTROL NUMBER
System control number (OCoLC)19878399
040 ## - CATALOGING SOURCE
Original cataloging agency DLC
Transcribing agency WaU
Modifying agency DLC
042 ## - AUTHENTICATION CODE
Authentication code premarc
050 00 - LIBRARY OF CONGRESS CALL NUMBER
Classification number ML410.S8
Item number N3
100 1# - MAIN ENTRY--PERSONAL NAME
Personal name Nāḍakarṇi, G. D.
245 10 - TITLE STATEMENT
Title Kannaḍakke Śrī Purandaradāsaru nīḍida koḍuge.
260 ## - PUBLICATION, DISTRIBUTION, ETC.
Date of publication, distribution, etc. 1964
300 ## - PHYSICAL DESCRIPTION
Extent iii, ii, 52 p.
Other physical details illus.
Dimensions 16 cm.
500 ## - GENERAL NOTE
General note In Kannada.
600 00 - SUBJECT ADDED ENTRY--PERSONAL NAME
Personal name Purandaradāsa,
Dates associated with a name 1484-1564.

No items available.

Powered by Koha